Sanat - "Isoisän olkihattu" - Statistics

Yleistilastot
  • Tätä visaa on pelattu 17 kertaa
  • Keskiarvotulos 173 / 212
Vastaustilastot
Vastaus % Oikein
aukaisin
100%
et
100%
etsi
100%
etsinyt
100%
ja
100%
kaapin
100%
kapusin
100%
kerran
100%
100%
100%
mitä
100%
niin
100%
siellä
100%
tässä
100%
ullakolle
100%
Vaan
100%
vaan
100%
vanhan
100%
aikaa
89%
ei
89%
en
89%
eräs
89%
hääkellot
89%
hän
89%
hattukauppa
89%
hatut
89%
heille
89%
herrasmies
89%
isoisä
89%
isoisän
89%
istahdin
89%
jo
89%
kaikki
89%
katsoi
89%
kauan
89%
kauppaa
89%
kello
89%
kera
89%
kun
89%
kuus
89%
lehtien
89%
lienen
89%
löydä
89%
miten
89%
muistelin
89%
myyjättären
89%
nähtiin
89%
nykyään
89%
nyt
89%
oikein
89%
Ol
89%
olkihattu
89%
olkihatun
89%
ostanut
89%
päättyä
89%
pienen
89%
pieni
89%
pientä
89%
piipahti
89%
puotiin
89%
satu
89%
se
89%
sen
89%
siihen
89%
siinä
89%
siitä
89%
silmiin
89%
sinisiin
89%
sivukadulla
89%
soi
89%
syksyn
89%
tää
89%
tarinaa
89%
tiedä
89%
tuli
89%
uudestaan
89%
uus
89%
valinta
89%
valitsi
89%
viimein
89%
voi
89%
yksin
89%
arkun
78%
hämärän
78%
hennonnut
78%
hiljaa
78%
joka
78%
kätköihin
78%
kauniimmin
78%
kaunis
78%
kerron
78%
kuin
78%
kuinka
78%
kulkevan
78%
kului
78%
laitoin
78%
laulamaan
78%
löysin
78%
luo
78%
mennä
78%
millään
78%
myymälän
78%
Odottavan
78%
ois
78%
olis
78%
on
78%
päälle
78%
pois
78%
puiston
78%
sai
78%
sattumalta
78%
sitä
78%
sulkemista
78%
todella
78%
tuskin
78%
vienyt
78%
ihmiselo
67%
kääntelin
67%
kohta
67%
kukkimaan
67%
mietin
67%
muistoks
67%
nuoren
67%
päivä
67%
pölystä
67%
puhdistin
67%
sentään
67%
sinisilmäin
67%
syy
67%
tarinasta
67%
tosiaan
67%
tulevain
67%
vähän
67%
vain
67%
viivähdin
67%
vuoksi
67%
ehkä
56%
iltaisin
56%
jääkään
56%
joku
56%
kahden
56%
kas
56%
kulki
56%
kuvat
56%
löytää
56%
meistä
56%
minäkin
56%
mun
56%
Mut
56%
Näin
56%
näin
56%
pengoin
56%
romanssi
56%
toinen
56%
ajan
44%
alta
44%
hämys
44%
muiston
44%
puhkes
44%
tomun
44%
ullakon
44%
muistoissani
33%
toinenkin
33%
joskus
22%
Ehtoja vastaavia visoja ei löytynyt
Tulosjakauma
Jokaisen tuloksen saaneiden osuus
Persentiili vastausten määrän mukaan
Tuloshistoriasi
Et ole pelannut tätä visaa